Desarrollo moral, valores y ética: una investigación dentro del aula/
محفوظ في:
| المؤلف الرئيسي: | |
|---|---|
| التنسيق: | كتاب |
| اللغة: | Spanish |
| الوسوم: |
إضافة وسم
لا توجد وسوم, كن أول من يضع وسما على هذه التسجيلة!
|
MARC
| LEADER | 00000nam a22000007a 4500 | ||
|---|---|---|---|
| 003 | cru CIDCACS/IIS | ||
| 005 | 20180618161756.0 | ||
| 007 | ta | ||
| 008 | 180316s2004 cr |||p|r||||||0| ||spa|d | ||
| 999 | |c 41148 |d 41148 | ||
| 040 | |c cru CIDCACS/IIS | ||
| 100 | 1 | |a Vargas Cardero, Zoila Rosa |9 6792 | |
| 245 | 1 | |a Desarrollo moral, valores y ética: |b una investigación dentro del aula/ |c Zoila Rosa Vargas Cardero | |
| 300 | |a páginas 91-104 | ||
| 773 | 0 | |0 19488 |9 1893 |a Universidad de Costa Rica |d San José, Costa Rica: Editorial Universidad de Costa Rica, 1977- |o 18124 |t Educación: |x 03797082 | |
| 942 | |2 ddc |c PP | ||
